000 00384nam a2200145Ia 4500
003 LK-CoDNM
008 010623t1910 xxu||||| |||| 00| 1 eng d
040 _aLK-CoDNM
_dLK-CoDNM
_eLK-CoDNM
041 _aeng
080 _a15 G 13
245 _aGovernment Circulars Issued to Heads of Departments-1909
260 _bH.C.Cottle
_aColombo
_c1910
300 _bvii,48p., 24 cm
942 _cBK
999 _c87247
_d87247